Most Populated Capital Cities with Exceptions - Statistics

General Stats
  • This quiz has been taken 92 times
  • The average score is 16 of 20
Answer Stats
Population Capital % Correct
14,400,000 London
99%
11,200,000 Paris
99%
22,100,000 Mexico City
94%
8,350,000 Washington DC
94%
15,800,000 Buenos Aires
92%
16,900,000 Moscow
92%
4,500,000 Berlin
90%
16,800,000 Cairo
88%
3,825,000 Brasilia
87%
9,350,000 Bogota
85%
9,950,000 Lima
85%
6,250,000 Madrid
85%
7,050,000 Santiago
82%
3,700,000 Caracas
74%
10,600,000 Kinshasa
74%
4,125,000 Cape Town
72%
5,200,000 Nairobi
67%
5,555,000 Khartoum
49%
6,800,000 Luanda
49%
4,575,000 Accra
46%
No matching quizzes found
Score Distribution
Percent of People with Each Score
Percentile by Number Answered
Your Score History
You have not taken this quiz